LEADER 01180nam a2200253 4500 001 000000338476 003 CaOOAMICUS 005 20191210161619.0 008 191210s1793 it 000 u ita r 026 $ao.r- h.o) i.e- veri (3) 1793 (A) 040 $aSeMil$bita 100 11$aGuasco, Francesco Eugenio.$0(OLS)http://semarc/name/83602 245 00$aDizionario ricciano ed anti-ricciano compilato da Severino Deserti. 264 1$aSora [i.e. Foligno] :$bPer Flaminio Palla [i.e. Giovanni Tomassini],$c1793. 300 $a274 p. ;$cfol. 500 $aFregio xilogr. sul front. 500 $aSegn.: [A]? B-2L? 2Mē(-2Mē) 500 $aPer il nome dell'A. cfr. Melzi, I, p. 288, che annota anche: "La data č apocrifa" 700 1 $aTomassini, Giovanni,$c.$0(OLS)http://semarc/name/2795 850 $aSeMil 852 $aSeMil$W1$xVenegono$y1$m3X VI 18 FA$j217580$B229697$CSeMilBibl$Z2$F229697 $8I 996 $6245$aDizionario ricciano ed anti-ricciano compilato da Severino Deserti$9(OLS)http://semarc/title/427324 996 $6264$aSora [i.e. Foligno] :$bPer Flaminio Palla [i.e. Giovanni Tomassini]$9(OLS)http://semarc/publisher/58738 LEADER 01142nam a2200229 i 4500 001 000000192387 003 CaOOAMICUS 005 20150728000000.0 008 150728s1964 it u000 u ita u 013 $a170966 040 $aSeMil$bita 245 13$aLa Comunitā Cristiana e la Pastorale del mondo del lavoro :$bAtti della 14. Settimana Nazionale di Aggiornamento Pastorale, tenutasi a Milano dal 31 agosto al 4 settembre 1964. 260 $aMilano :$bDidascaleion,$c1964. 300 $a296 p. ;$c24 cm. 500 $aIn front. : Centro di Orientamento Pastorale. - Fondo card. Giovanni Colombo. 650 4$aLavoro - Pastorale.$0(OLS)http://semarc/subject/10527 850 $aSeMil 852 $aSeMil$W1$xVenegono$y1$m3GC IV 232$j142962$B142962$CSeMilBibl$Z2$F154337 $8B 941 1 $a3 961 $aLascito: Colombo Card. Giovanni 996 $6245$aLa Comunitā Cristiana e la Pastorale del mondo del lavoro :$bAtti della 14. Settimana Nazionale di Aggiornamento Pastorale, tenutasi a Milano dal 31 agosto al 4 settembre 1964$9(OLS)http://semarc/title/277283 996 $6260$aMilano :$bDidascaleion$9(OLS)http://semarc/publisher/39206